| 000 | 03612nam a2200421 i 4500 | ||
|---|---|---|---|
| 001 | 000008697 | ||
| 003 | DO-SdBNP | ||
| 005 | 20260428073713.0 | ||
| 007 | ta | ||
| 008 | 090917t2001 dr a r 001 0 spa d | ||
| 020 | _a999343017X | ||
| 040 |
_aDO-SdBNP _bspa _cBNPHU _erda |
||
| 041 | _aspa | ||
| 082 | 4 |
_aRD860.8 _bC744o, 1999 _222 |
|
| 111 | 2 |
_aConcurso de Arte y Literatura Bancentral _n(5ª : _d1999 : _cSanto Domingo, República Dominicana) _923156 |
|
| 245 | 1 | 0 |
_aObras premiadas / _cedición, José Alcántara Almánzar, Lourdes Lara. |
| 264 | 1 |
_aSanto Domingo : _bBanco Central de la República Dominicana, _c2001. |
|
| 300 |
_a112 páginas : _bilustraciones ; _c23 cm. |
||
| 336 |
_atexto _btxt _2rdacontent |
||
| 337 |
_asin mediación _bn _2rdamedia |
||
| 338 |
_avolumen _bnc _2rdacarrier |
||
| 490 | 1 | _aBanco Central de la República Dominicana | |
| 500 | _aIncluye síntesis biográficas de los autores premiados. | ||
| 505 | 0 |
_aPresentación -- _gPrimer premio. Categoría Pintura : _tLa barca abandonada / _rGeraldo Amable Pimentel Ramírez -- _gPrimer premio. Categoría Pintura : _tLo nuestro / _rRosa María Ureña Cordero -- _gPrimer premio. Categoría Cuento : _tDiagnóstico / _rHenry Almonte Diloné -- _gPrimer premio. Categoría Escultura : _tLa juana / _rFederico Antonio Pérez M. -- _gSegundo premio. Categoría Pintura : _tAtorretrato II / _rRobinson Antonio Peña Pérez -- _gSegundo premio. Categoría Cuento : _tHuída/ _rElsa M. Ramírez -- _gSegundo premio. Categoría Escultura : _tMi luz que no llegó / _rLeoncio Nicolás Rijo Meléndez -- _gTercer premio. Categoría Cuento : _tIntimidades / _rMirta Disla -- _gTercer premio. Categoría Pintura : _tBodegón de frutas / _rYolanda Esteban de López -- _gTercer premio. Categoría Escultura : _tBouquet de girasoles para las heroínas de Ojo de Agua / _rDomingo de la Cruz -- |
|
| 505 | 0 |
_aSegundo premio. Categoría Poesía : _tMelenium / _rHenry Almonte Deloné -- _gMención de honor. Categoría Pintura : _tCayenas / _rCelina Fondeur Cernuda-- _gMención de honor. Categoría Escultura : _tArcoiris de formas / _rDomingo de la Cruz -- _tOtros premios de escultura y pintura 1999 y poetas invitados: años 1997, 1996 y 1995 -- _gPrimer premio 1997. Categoría Poesía : _tEl fuego de la última rosa votiva / _rLuis José Bourget García -- _gPrimer premio 1996. Categoría Poesía : _tComplicaciones en el tiempo / _rMiguel J. Escala -- _gPrimer premio 1995. Categoría Poesía : _tHermano múltiple / _rOctavio Amiama Castro -- _gSegundo premio 1996. Categoría Poesía : _tSerpiente de la noche / _rLuis José Bourget García -- _gSegundo premio 1995. Categoría Poesía : _tLa muerte es el invierno / _rLuis José Bourget García -- _gTercer premio1996 . Categoría Poesía : _tTres poemas / _rOctavio Amiama Castro -- _gTercer premio 1995. Categoría Poesía : _tProcedencia / _rHenry Almonte Diloné -- _gMención de honor 1997. Categoría Poesía : _tMar y tierra / _rHenry Almonte Diloné -- _tVeredicto -- _tApéndice -- _tNotas bibliográficas de los autores. |
|
| 586 | _aPremio del concurso de arte y literatura Bancentral 1999. | ||
| 590 | _aInventariado, 2018/BT | ||
| 650 | 4 |
_aArte y literatura _xPremios _923011 |
|
| 650 | 4 |
_aArte dominicano _ySiglo XX _923012 |
|
| 650 | 4 |
_aPintura dominicana _xPremios _923013 |
|
| 650 | 0 |
_aPremios literarios _91542 |
|
| 650 | 4 |
_aLiteratura dominicana _ySiglo XX _985167 |
|
| 700 | 1 |
_aLara, Lourdes, _eeditor _4ed. _922948 |
|
| 700 | 1 |
_aAlcántara Almánzar, José, _d1946- _eeditor _4ed. _97018 |
|
| 710 | 2 |
_aBanco Central de la República Dominicana _983405 |
|
| 910 | _aValidado. Control de calidad. EMS | ||
| 942 |
_2ddc _cLBS1 |
||
| 999 |
_c8467 _d8467 |
||